000
00323nam a22001457a 4500
008
210303b ||||| |||| 00| 0 eng d
020
_a
9780030642821
041
_a
eng
080
_a
51
082
_a
51
100
_a
36
101
_a
MAT
245
_a
Algebra Essentials and Applications
_c
Power, J.C
942
_2
udc
_c
BK
999
_c
55629
_d
55629